Alabama's original 8 counties - Statistics

General Stats
  • This quiz has been taken 3 times
  • The average score is 3 of 8
Answer Stats
Answer % Correct
Mobile
100%
Baldwin
67%
Madison
67%
Montgomery
67%
Clarke
0%
Elk
0%
Monroe
0%
Washington
0%
No matching quizzes found
Score Distribution
Percent of People with Each Score
Percentile by Number Answered
Your Score History
You have not taken this quiz